Statistics for Top 10 Biggest Economies in Europe

Click here to take the quiz!

General Stats

  • This quiz has been taken 146,663 times
    (9,289 since last reset)
  • The average score is 9 of 10

Answer Stats

GDPCountry% Correct
5687 bilGermany
100%
3988 bilFrance
99%
3347 bilItaly
99%
2516 bilSpain
99%
4029 bilUnited Kingdom
99%
4214 bil
Russia
(European part)
98%
1801 bilPoland
95%
1329 bilNetherlands
92%
818 bilSwitzerland
92%
818 bilRomania
75%

Score Distribution

Percentile by Number Answered

Percent of People with Each Score

Your Score History

You have not taken this quiz since the last reset